| 000 | 00827nas a2200289 4500 | ||
|---|---|---|---|
| 001 | BR8706128 | ||
| 003 | BR-BrBNA | ||
| 005 | 20231205090838.0 | ||
| 007 | ta | ||
| 008 | 230509b bl.|||p| |||| 00| 00por d | ||
| 040 |
_aBR-BrBNA _bpor _cBiblioteca Nacional de Agricultura |
||
| 041 | _a(Pt) | ||
| 072 | _aL02; Q54 | ||
| 100 | 1 | _aGomes, P.C. | |
| 100 | 1 | _aBarbosa, H.P. | |
| 100 | 1 | _aFialho, E.T. | |
| 100 | 1 | _aDhein, H. | |
| 100 | 1 | _aAntonin, A. | |
| 245 | 1 | _aTeste concentrado proteico para suinos - no. 8 [Santa Catarina, Brasil] | |
| 650 | _aSUÍNO | ||
| 650 | _aCONCENTRADO PROTEICO | ||
| 650 | _aVALOR NUTRITIVO | ||
| 650 | _aSANTA CATARINA | ||
| 773 | 0 |
_tSuinocultura Catarinense (Brazil) _x _g(Dec 1979), (no. 4) p. 39-42 _wBR8706128 |
|
| 909 |
_a202311 _bLúcia _c55 _dLúcia Elande |
||
| 942 |
_2AGRIS _n0 _cANA |
||
| 999 |
_c121217 _d121217 |
||